000 00560nam a2200229Ia 4500
999 _c97622
_d97622
003 0100
005 20190509104154.0
008 130307s9999 xx 000 0 und d
020 _a0802843530
040 _cARRUPELIB
050 _aBV600.2.P695 1997
100 _aPreston, Geoffrey
_946352
245 _aFaces of the church
_bmeditations on a mystery and its images
_cGeoffrey Preston
260 _aScotland
_bT and T Clark
_c1997
300 _ax, 310 p. ;
_c22 cm.
650 _aChurch
_xCatholic Church
_913540
700 _aNichols, Aidan
_946353
942 0 0 _01
_2lcc
_cMONOGRAPH